10 ahli sukan terkenal Malaysia

Bibliographic Details
Main Author: Mohamad Hafizan
Format: Book
Published: Kuala Lumpur : Pustaka Hakimin , 2016
Series:Top 10 Malaysia
Subjects:

MARC

LEADER 00000cam a2200000 7i4500
001 0000069329
005 20170118.0
008 170118
020 |a 9789670696072(SET) 
020 |a 9789670696119 
090 0 0 |a BIO   |b MAL 
100 1 |a Mohamad Hafizan 
245 1 0 |a 10 ahli sukan terkenal Malaysia   |c Mohamad Hafizan 
260 |a Kuala Lumpur :   |b Pustaka Hakimin ,   |c 2016 
300 |a 56pg. :   |b ill. 
490 1 |a Top 10 Malaysia 
500 |a Children ages 10-12 years old (pink) 
650 0 |a Malaysia   |x biography 
999 |a 0001427661   |b Book   |c Children Collection   |e Cawangan Taman Universiti 
999 |a 0001427662   |b Book   |c Children Collection   |e Cawangan Mersing 
999 |a 0001427663   |b Book   |c Teenagers   |e Cawangan Bandar Tenggara 
999 |a 0001427664   |b Book   |c Children Collection   |e Cawangan Tmn. Ungku Tun Aminah 
999 |a 0001427665   |b Book   |c Children Collection   |e Cawangan Segamat 
999 |a 0001427666   |b Book   |c Children Collection   |e Cawangan Tangkak 
999 |a 0001427667   |b Book   |c Children Collection   |e Cawangan Kota Tinggi 
999 |a 0001427668   |b Book   |c Children Collection   |e Cawangan Sri Merlong 
999 |a 0001427669   |b Book   |c Adult Collection   |e Cawangan Taman Sri Lambak 
999 |a 0001427670   |b Book   |c Children Collection   |e Cawangan Bukit Gambir 
999 |a 0001427671   |b Book   |c Children Collection   |e Cawangan Bandar Penawar 
999 |a 0001427672   |b Book   |c Adult Collection   |e Cawangan Batu Pahat 
999 |a 0001427673   |b Book   |c Children Collection   |e Cawangan Pontian 
999 |a 0001427674   |b Book   |c Children Collection   |e Cawangan Muar 
999 |a 0001428581   |b Book   |c Children Collection   |e Perbadanan Perpustakaan Awam Johor 
999 |a 0001428582   |b Book   |c Children Collection   |e Perbadanan Perpustakaan Awam Johor 
999 |a 0001428583   |b Book   |c Children Collection   |e Cawangan AEON Kulaijaya 
999 |a 0001428584   |b Book   |c Children Collection   |e Cawangan Urban Transformation Centre